000 00628nam a22002177a 4500
003 UA-OsUOA
001 38255
007 ta
008 20060503b un ||||| |||| 00| 0 ukr d
100 _aРакша Наталя
090 _a32
_bР11
942 _cSA
040 _aUA-OsUOA
_bukr
_cUA-OsUOA
_dUA-OsUOA
245 _aЩодо підвищення конкурентноспроможності малого підприємництва в Україні
300 _a52-55 с.
955 _a0
041 _aukr
080 _a32
773 0 _w38253
_tЕкономіст
_dК.
_d2006
_g3
650 7 _a32 Політика
_2UDC
999 _c324421
_d324421